Borderland on the isthmus : race, culture, and the struggle for the canal zone /

Bibliographic Details
Main Author: Donoghue, Michael E. (Author)
Corporate Author: ebrary, Inc
Format: eBook
Language:English
Published: Durham ; London : Duke University Press, 2014.
Series:American encounters/global interactions.
Subjects:
Online Access:Connect to the full text of this electronic book

MARC

Tag First Indicator Second Indicator Subfields
LEADER 00000cam a22000004i 4500
001 in00003457521
006 m o d
007 cr cn|
008 140307t20142014ncuab ob 001 0 eng d
005 20250816223415.4
020 |a 9780822376675 
020 |a 0822376679 
020 |z 9780822356660 (cloth : alk. paper) 
020 |z 082235666X (cloth : alk. paper) 
020 |z 9780822356783 (pbk. : alk. paper) 
020 |z 0822356783 (pbk. : alk. paper) 
035 |a (NhCcYBP)ebr10869678 
040 |a NhCcYBP  |c NhCcYBP  |d UtOrBLW 
043 |a ncpn--- 
050 4 |a F1569.C2  |b D66 2014 
082 0 4 |a 972.87/5  |2 23 
100 1 |a Donoghue, Michael E.,  |e author. 
245 1 0 |a Borderland on the isthmus :  |b race, culture, and the struggle for the canal zone /  |c Michael E. Donoghue. 
264 1 |a Durham ;  |a London :  |b Duke University Press,  |c 2014. 
264 4 |c ©2014 
300 |a 1 online resource. 
336 |a text  |b txt  |2 rdacontent 
337 |a computer  |b c  |2 rdamedia 
338 |a online resource  |b cr  |2 rdacarrier 
490 1 |a American encounters/global interactions 
505 0 |a Borderland on the Isthmus: the changing boundaries and frontiers of the Panama Canal Zone -- Race and identity in the Zone-Panama borderland: Zonians Uber Alles -- Race and identity in the zone-Panama borderland: West Indians contra todos -- Desire, sexuality, and gender in the Zone-Panama borderland -- The U.S. Military: armed guardians of the borderland -- "Injuring the power system": crime and resistance in the borderland -- The Zone-Panama borderland and the complexity of U.S. Empire. 
504 |a Includes bibliographical references and index. 
588 |a Description based on print version record. 
500 |a Electronic resource. 
651 0 |a Panama Canal (Panama)  |x Social conditions  |y 20th century. 
651 0 |a Panama Canal (Panama)  |x Race relations  |y 20th century. 
655 7 |a Electronic books.  |2 local 
710 2 |a ebrary, Inc. 
776 1 8 |i Print version:  |a Donoghue, Michael E.  |t Borderland on the isthmus.  |d Durham ; London : Duke University Press, 2014  |z 9780822356660  |z 9780822356783  |w (DLC) 2013045007 
830 0 |a American encounters/global interactions. 
856 4 1 |u https://ebookcentral.proquest.com/lib/tamucs/detail.action?docID=1684535  |y Connect to the full text of this electronic book  |t 0 
955 |a YBP purchased DDA e-records 
980 |b 142.43  |g 1 
999 f f |s d857d689-f725-3b05-a073-df3e8de28084  |i 73586e03-539f-3e7e-9ae4-eb3cda4c414a  |t 0 
999 |a MARS 
952 f f |a Texas A&M University  |b College Station  |c Electronic Resources  |d Available Online  |t 0  |e F1569.C2 D66 2014  |h Library of Congress classification 
998 f f |a F1569.C2 D66 2014  |t 0  |l Available Online